|
|
|
|
| LEADER |
01218nam a2200301 a 4500 |
| 001 |
18816 |
| 003 |
BD-DhAAL |
| 005 |
20230611135244.0 |
| 008 |
090708s1991 inua b s001 0 eng d |
| 010 |
|
|
|a 90043510
|
| 020 |
|
|
|a 0253338735 (alk. paper)
|
| 020 |
|
|
|a 0253206324 (pbk. : alk. paper)
|
| 040 |
|
|
|a DLC
|c DLC
|d BD-DhAAL
|
| 082 |
0 |
0 |
|a 305.42/09172/4
|2 20
|
| 245 |
0 |
0 |
|a Third World women and the politics of feminism /
|c edited by Chandra Talpade Mohanty, Ann Russo and Lourdes Torres.
|
| 260 |
|
|
|a Bloomington :
|b Indiana University Press,
|c c1991.
|
| 300 |
|
|
|a xi, 338 pages :
|b illustrations ;
|c 24 cm.
|
| 504 |
|
|
|a Includes bibliographical references and index.
|
| 541 |
1 |
|
|e 18816
|
| 650 |
|
0 |
|a Feminism
|z Developing countries.
|9 4440
|
| 650 |
|
0 |
|a Women
|z Developing countries
|x Social conditions.
|
| 700 |
1 |
|
|a Mohanty, Chandra Talpade,
|d 1955-
|9 54588
|
| 700 |
1 |
|
|a Russo, Ann,
|d 1957-
|9 54589
|
| 700 |
1 |
|
|a Torres, Lourdes,
|d 1959-
|9 54590
|
| 852 |
4 |
|
|a Ayesha Abed Library
|j General Stacks.
|
| 942 |
|
|
|2 ddc
|c BK
|
| 999 |
|
|
|c 2347
|d 2347
|
| 952 |
|
|
|0 0
|1 0
|2 ddc
|4 0
|6 305_420000000000000_09172_4_THI
|7 0
|9 2171
|a BIGD
|b BIGD
|c GEN
|d 2023-06-11
|l 0
|o 305.42091724 THI
|p 3050018816
|r 2009-07-13
|t 1
|y BK
|x Transfer from BDI to BIGD.
|